00583nam a2200169Ia 4500020001500000082002000015245006500035260005200100300001200152504005000164650002600214650003200240650004500272650003000317650004200347700002400389 a1843764423 a303.625095 GLO- 0aGlobalisation and the New Terror: the Asia Pacific Dimension aCheltenhambEdward Elgar Publishing, Inc.c2004 axv, 316 aincludes bibliographical references and index aTerrorismvCongresses aTerrorismaCongressesvAsia aWorld PoliticsvCongresseszPacific Area aGlobalisationvCongresses aWorld PoliticsvCongressesz1995-2005 aJones, David Martin